000 01395nam a2200241Ia 4500
003 Ost
005 20260507075650.0
008 260507s9999||||xx |||||||||||||| ||und||
020 _a1041339957
040 _cfsecg
041 _aara
082 _a330.015195
100 _aالقريشي، محمد صالح تركي
_eمؤلف
245 0 _aمقدمة في الإقتصاد القياسي /
_c محمد صالح تركي القريشي
260 _aعمان:
_bمؤسسة الوراق للنشر والتوزيع,
_c2004
300 _a365 صفحة؛
_bإيضاحات ؛
_c25 سم
504 _aالمراجع ص. 363
520 _aتعريف علم الإقتصاد القياسي- نظرية الإرتباط- طبيعة تحليل الإنحدار- تحليل الإنحدار البسيط- نموذج الإنحدار الخطي البسيط وطريقة المربعات الصغرى الإعتيادية- الإنحدار المتعدد- تحليل التباين- مشكلة الإرتباط الخطي المتعدد- مشكلات الإنحدار- أسلوب المصفوفات في تحليل الإنحدار- نماذج المعدلات الآنية- التشخيص الإحصائي- تطبيقات وتمارين محلولة.
653 _aالإقتصاد
653 _aالإقتصاد الرياضي
653 _aالإقتصاد القياسي
942 _cكتاب
999 _c45569
_d45569